| 000 | 00657nam a22002177a 4500 | ||
|---|---|---|---|
| 003 | UA-OsUOA | ||
| 001 | 76435 | ||
| 007 | ta | ||
| 008 | 20110705b un ||||| |||| 00| 0 ukr d | ||
| 100 | _aДроздова Л. | ||
| 090 |
_a330 _bД75 |
||
| 942 | _cSA | ||
| 040 |
_aUA-OsUOA _bukr _cUA-OsUOA _dUA-OsUOA |
||
| 245 | _aМетодологічні засади дослідження якості життя працюючого населення | ||
| 300 | _aС.24-38 | ||
| 955 | _a0 | ||
| 041 | _aukr | ||
| 080 | _a330 | ||
| 773 | 0 |
_w76431 _tУкраїна: аспекти праці _dК. _d2011 _g4 |
|
| 650 | 7 |
_a330 Економіка взагалі _2UDC |
|
| 999 |
_c362739 _d362739 |
||